The Biology of lakes and ponds / (Record no. 3608)
[ view plain ]
| 000 -LEADER | |
|---|---|
| fixed length control field | 00876nam a22002652 4500 |
| 001 - CONTROL NUMBER | |
| control field | 0000012780 |
| 005 - DATE AND TIME OF LATEST TRANSACTION | |
| control field | 20151217145857.0 |
| 008 - FIXED-LENGTH DATA ELEMENTS--GENERAL INFORMATION | |
| fixed length control field | 090319s xx 000 0 eng d |
| 020 ## - INTERNATIONAL STANDARD BOOK NUMBER | |
| International Standard Book Number | 0198516132 : |
| 040 ## - CATALOGING SOURCE | |
| Original cataloging agency | KABU |
| Transcribing agency | KABU |
| 100 1# - MAIN ENTRY--PERSONAL NAME | |
| Personal name | Bronmark, Christer. |
| -- | 0000170257 |
| 245 14 - TITLE STATEMENT | |
| Title | The Biology of lakes and ponds / |
| Statement of responsibility, etc. | Christer Bronmark and Lars-Anders Hanson. |
| 250 ## - EDITION STATEMENT | |
| Edition statement | 2nd ed. |
| 260 ## - PUBLICATION, DISTRIBUTION, ETC. (IMPRINT) | |
| Place of publication, distribution, etc. | Oxford : |
| Name of publisher, distributor, etc. | O. U. P., |
| Date of publication, distribution, etc. | 2005. |
| 300 ## - PHYSICAL DESCRIPTION | |
| Extent | xiv, 285 p. |
| 650 #0 - SUBJECT ADDED ENTRY--TOPICAL TERM | |
| Topical term or geographic name as entry element | Limnology. |
| -- | 0000155175 |
| 650 #0 - SUBJECT ADDED ENTRY--TOPICAL TERM | |
| Topical term or geographic name as entry element | Lake ecology. |
| -- | 0000155176 |
| 650 #0 - SUBJECT ADDED ENTRY--TOPICAL TERM | |
| Topical term or geographic name as entry element | Pond ecology. |
| -- | 0000155177 |
| 700 1# - ADDED ENTRY--PERSONAL NAME | |
| Personal name | Hansson, Lars-Anders. |
| -- | 0000170258 |
| 852 1# - LOCATION | |
| -- | p3712.50 KES |
| 852 1# - LOCATION | |
| -- | p3900 KES |
| 852 1# - LOCATION | |
| -- | p3900 KES |
| 908 ## - PUT COMMAND PARAMETER (RLIN) | |
| Put command parameter | 090319 |
| 950 ## - LOCAL HOLDINGS (RLIN) | |
| -- | 1 |
| Withdrawn status | Lost status | Source of classification or shelving scheme | Not for loan | Home library | Current library | Date acquired | Total Checkouts | Full call number | Barcode | Date last seen | Price effective from | Koha item type |
|---|---|---|---|---|---|---|---|---|---|---|---|---|
| Library of Congress Classification | Kabarak, Main Campus | Kabarak, Main Campus | 17/12/2015 | QH96 .B76 2005 c. 1 | 17255 | 17/12/2015 | 17/12/2015 | General Collection | ||||
| Library of Congress Classification | Kabarak, Main Campus | Kabarak, Main Campus | 17/12/2015 | QH96 .B76 2005 c. 2 | 17795 | 17/12/2015 | 17/12/2015 | General Collection | ||||
| Library of Congress Classification | Kabarak, Main Campus | Kabarak, Main Campus | 17/12/2015 | QH96 .B76 2005 c. 3 | 007464 | 17/12/2015 | 17/12/2015 | General Collection |